Größte deutsche Städte - Karten-Quiz - Statistiken

Allgemein
  • Dieses Quiz wurde 222 mal gespielt
  • Das Durchschnittsergebnis liegt bei 27 aus 30
Antworten auf der Karte
Die Antworten werden auf der Karte rot bzw. grün angezeigt, abhängig davon wie oft sie richtig erraten wurden.
 
Antwortstatistiken
Einwohner Stadt % Korrekt
3.782.202 Berlin
100%
577.026 Bremen
100%
1.910.160 Hamburg
100%
1.087.353 Köln
100%
1.510.378 München
100%
633.484 Stuttgart
99%
775.790 Frankfurt am Main
98%
619.879 Leipzig
98%
566.222 Dresden
97%
248873 Kiel
97%
526.091 Nürnberg
97%
631.217 Düsseldorf
96%
548.186 Hannover
95%
595.471 Dortmund
94%
252769 Aachen
92%
303150 Augsburg
88%
586.608 Essen
88%
285522 Wiesbaden
87%
335.789 Bonn
86%
316877 Mannheim
83%
250681 Chemnitz
81%
503.707 Duisburg
81%
366.385 Bochum
80%
252066 Braunschweig
80%
265885 Gelsenkirchen
80%
338.410 Bielefeld
77%
322.904 Münster
77%
309964 Karlsruhe
76%
358.938 Wuppertal
67%
268943 Mönchengladbach
63%
Keine übereinstimmenden Quizze gefunden
Verteilung der Resultate
Anzahl Personen mit jedem Resultat
Perzentil nach korrekt beantworteten Fragen
Ihre Resultats-Entwicklung
Sie haben dieses Quiz noch nicht gespielt